| 000 | 01381nam a2200241Ii 4500 | ||
|---|---|---|---|
| 003 | JO-AjNU | ||
| 005 | 20240624114641.0 | ||
| 008 | 230605s9999||||xx |||||||||||||| ||und|| | ||
| 040 |
_aJO-AjNU _bara _erda _cJO-AjNU |
||
| 041 | _aara | ||
| 050 | 1 | 4 | _aHF5667.2022 |
| 100 | 1 |
_aالقضاة، خالد نعيم احمد _eمعد _965541 |
|
| 245 | 0 | 0 |
_aاثر التدقيق الداخلي المالي في تحسين جودة المعلومات المالية في المؤسسات والوزارات الحكومية الاردنية "دراسة حالة وزارة التربية والتعليم"=The Impact of the Internal Financial Audit on Improving the Quality of Financial Information's in Jordanian Ministries and Government Institutions Case Study the Ministry of Education / _cاعداد خالد نعيم احمد القضاة؛ اشراف تيسير المومني |
| 264 | 3 | 1 | _a 2022 |
| 300 | _a110 ورقة | ||
| 336 |
_atext _btxt _2rdacontent |
||
| 337 |
_aunmediated _bn _2rdamedia |
||
| 338 |
_avolume _bnc _2rdacarrier |
||
| 500 | _aرسالة جامعية ( اطروحة ماجستير) جامعة عجلون الوطنية: كلية ادارة الاعمال، تخصص المحاسبة،2022 | ||
| 650 | 4 |
_aمراجعة الحسابات-تدقيق داخلي _963532 |
|
| 700 | 1 |
_aالمومني، تيسير علي _965112 _eمشرف |
|
| 942 |
_2lcc _cTHS |
||
| 999 |
_c32392 _d32392 |
||